LEADER 00983nam a2200253 u 4500 001 000000039775 003 CaOOAMICUS 005 20070226114028.0 008 980519n it u000 u ita u 035 $a10795280 040 $aPUL(R)$bita 100 1 $aOnida, Valerio.$0(OLS)http://pul/name/29052 245 10$aConclusioni e proposte /$cValerio Onida. 260 $aBologna :$bIl Mulino,$c[s.d.] 300 $aP. 299-319 ;$c23 cm 500 $aEstr. da: La revisione del concordato alla prova. 650 4$aChiesa e stato.$0(OLS)http://pul/subject/960 850 $aPUL 852 $aPUL$W1$xDP1 Miscellanee$y10$mMisc.Lombardi.125(int.4)$j54154$nBK-PRI$b $qStampati Miscellanee$B54154$CPULBib$Z2$F54154 $H $81 941 1 $a17 960 $aStato e Chiesa$9960 961 $aINV: Legato con altri volumi. 996 $6245$aConclusioni e proposte$9(OLS)http://pul/title/53820 996 $6260$aBologna :$bIl Mulino$9(OLS)http://pul/publisher/47928 LEADER 00890naa a2200229 u 4500 001 000000093343 003 CaOOAMICUS 005 20070226130133.0 008 010702m19351936fr u000 u fre u 035 $a10895024 040 $aPUL(R)$bita 100 1 $aVisscher, Charles de,$d1884-$0(OLS)http://pul/name/60010 245 13$aLe déni de justice en droit international /$cpar Charles de Visscher. 260 $a[S. l. :$bs. n.],$c1935-1936. 300 $aP. [365-442] 504 $aBibliografia in nota. 650 4$aDiritto internazionale.$0(OLS)http://pul/subject/2505 650 4$aDiritto internazionale penale.$0(OLS)http://pul/subject/25948 773 0 $tRecueil des cours$gv.II (1935) 773 0 $tRecueil des cours 1935$w()59536 996 $6245$aLe déni de justice en droit international$9(OLS)http://pul/title/120215 996 $6260$a[S. l. :$bs. n.]$9(OLS)http://pul/publisher/47882